000 02274nam0a22003731 4500
001 rc\3322629
005 20260407091359.0
021 _aRU
_b[69-57344]
035 _a(NLR Aleph) 007509408
090 _a7690924
_c7690924
100 _a20130115d1969 |||y0rusy50 ca
101 0 _arus
102 _aRU
105 _ay z |||||
200 1 _aИндустриальное развитие Центрального промышленного района. 1926-1923
_fРед. коллегия: В.С. Лельчук (гл. ред.) [и др.]
_g[Гл. архивное упр. при Совете Министров СССР. Ин-т марксизма-ленинизма при ЦК КПСС. Ин-ты истории и экономики АН СССР
210 _aМосква
_cМысль
_d1969
215 _a525 с.
_d22
225 1 _aИстория индустриализации СССР
_eДокументы и материалы]
_fГос. и парт. архивы Моск., Иван., Калининской, Калуж., Костром., Рязан., Тул., Яросл. обл.
300 _aНа обороте тит. л. сост.: Андреева Л.С., Давыдова Л.И., Дубовицкая В.А., Шантенштейн Л.С.
320 _aПеречень источников, использ. при сост. сборника: с. 504-507
320 _aУказатель учреждений, организаций и предприятий: с. 490-503
606 _aИндустриализация СССР
_jДокументы и материалы
_2psbo
606 _aПромышленность
_yЦентр Европейской части СССР
_xИстория
_z1926-1932
_jДокументы и материалы
_2psbo
702 1 _aДавыдова
_bЛ.И.
_4220
702 1 _aДубовицкая
_bВ.А.
_4220
702 1 _aАндреева
_bЛ.С.
_4220
702 1 _aЛельчук
_bВ.С.
_gВиталий Семенович
_4340
702 1 _aШатенштейн
_bЛ.С.
_4220
712 0 1 _aСССР
_bГлавное архивное управление
_3RU\NLR\AUTH\8816204
_9305539
801 0 _aRU
_bNLR
_gpsbo
801 1 _aRU
_bELAR
_2rusmarc
852 _aNLR
_j69-5/3427
942 _cBOOK
980 _aNB